[Event "SR 2. liga A 2003/2004"]
[Site "?"]
[Date "2003.10.19"]
[Round "2.5"]
[White "Nicolini, Alexander"]
[Black "Gasa, Andrej"]
[Result "1/2-1/2"]
[WhiteElo "2123"]
[BlackElo "2188"]
[PlyCount "76"]
[EventDate "2003.??.??"]

1. e4 c5 2. Nc3 Nc6 3. f4 g6 4. Nf3 Bg7 5. Bc4 d6 6. O-O e6 7. d3 Nge7 8. Qe1
a6 9. a4 Nd4 10. Nxd4 cxd4 11. Ne2 O-O 12. Ng3 Bd7 13. Bd2 Qc7 14. Bb3 b6 15.
Nh1 e5 16. fxe5 dxe5 17. Qh4 Be6 18. Bxe6 fxe6 19. c4 dxc3 20. bxc3 Qc5+ 21.
Nf2 Rf7 22. Qg3 Raf8 23. Qe3 Qd6 24. Ng4 Rxf1+ 25. Rxf1 Rxf1+ 26. Kxf1 h5 27.
Nf2 Kf7 28. Ke2 Ng8 29. Nh3 Nf6 30. Ng1 Qc5 31. Nf3 Qxe3+ 32. Bxe3 Nd7 33. Kd2
Bf6 34. Kc2 Ke7 35. Nd2 Kd6 36. Kb3 Kc6 37. h3 Be7 38. Nf3 Bf6 1/2-1/2

[Event "SR 2. liga A 2003/2004"]
[Site "?"]
[Date "2003.10.19"]
[Round "2.5"]
[White "Syc, Marian"]
[Black "Kubis, Ivan"]
[Result "1/2-1/2"]
[WhiteElo "1900"]
[BlackElo "2062"]
[PlyCount "58"]
[EventDate "2003.??.??"]

1. c4 e5 2. Nc3 Nf6 3. g3 d5 4. cxd5 Nxd5 5. Bg2 c6 6. Nxd5 cxd5 7. Qb3 e4 8.
d3 f5 9. Nh3 Qb6 10. Qxb6 axb6 11. Nf4 Bb4+ 12. Kf1 Ra5 13. Be3 Nc6 14. dxe4
dxe4 15. Bxb6 Rb5 16. Be3 O-O 17. Rd1 g5 18. Nd5 Ba5 19. b3 Be6 20. b4 Rxd5 21.
Rxd5 Bxd5 22. bxa5 f4 23. Bd2 f3 24. exf3 exf3 25. Bh3 Bc4+ 26. Ke1 g4 27. Bf1
Re8+ 28. Be3 Bxa2 29. Bb5 Re6 1/2-1/2

[Event "SR 2. liga A 2003/2004"]
[Site "?"]
[Date "2003.10.19"]
[Round "2.5"]
[White "Szollos, Ondrej"]
[Black "Kruppa, Dominik"]
[Result "1/2-1/2"]
[WhiteElo "2068"]
[BlackElo "2038"]
[PlyCount "62"]
[EventDate "2003.??.??"]

1. Nf3 d5 2. d3 Nf6 3. c3 c5 4. Qc2 Nc6 5. e4 e6 6. Bf4 Be7 7. Be2 O-O 8. e5
Nd7 9. O-O b5 10. d4 Qb6 11. Be3 b4 12. Nbd2 a5 13. Rac1 Ba6 14. Bxa6 Rxa6 15.
cxb4 Nxb4 16. Qb1 cxd4 17. Nxd4 Nc5 18. N4b3 Nbd3 19. Nxc5 Nxc1 20. Rxc1 d4 21.
Bxd4 Rd8 22. Nxa6 Rxd4 23. Nb3 Rd5 24. Rc8+ Bf8 25. Nbc5 Qxb2 26. Rb8 Qe2 27.
Rxf8+ Kxf8 28. Qb8+ Ke7 29. Qb7+ Kf8 30. Qc8+ Ke7 31. Qb7+ Kf8 1/2-1/2

[Event "SR 2. liga A 2003/2004"]
[Site "?"]
[Date "2003.10.19"]
[Round "2.5"]
[White "Tokos, Jozef"]
[Black "Bury, Rastislav"]
[Result "0-1"]
[WhiteElo "2042"]
[BlackElo "2052"]
[PlyCount "72"]
[EventDate "2003.??.??"]

1. c4 e6 2. Nc3 Be7 3. Nf3 b6 4. g3 Bb7 5. Bg2 Nf6 6. O-O O-O 7. Qc2 d6 8. e4
Nbd7 9. d4 e5 10. d5 Nh5 11. Qe2 g6 12. Bh6 Re8 13. h4 Bf8 14. Qe3 Ndf6 15. Nh2
Bc8 16. Ne2 Ng4 17. Nxg4 Bxg4 18. f3 Bd7 19. g4 Ng7 20. g5 Nh5 21. Bxf8 Rxf8
22. f4 exf4 23. Nxf4 Nxf4 24. Qxf4 Qe7 25. h5 gxh5 26. Qh4 Bg4 27. Bf3 f5 28.
Rae1 Qg7 29. Bxg4 fxg4 30. Qxh5 Qd4+ 31. Kg2 Rxf1 32. Rxf1 Qxe4+ 33. Kg3 Qe5+
34. Kxg4 Qe2+ 35. Rf3 Rf8 36. Qh3 Qe4+ 0-1

[Event "SR 2. liga A 2003/2004"]
[Site "?"]
[Date "2003.10.19"]
[Round "2.6"]
[White "Furjel, Andrej"]
[Black "Pacher, Milan"]
[Result "0-1"]
[WhiteElo "1905"]
[BlackElo "2057"]
[PlyCount "68"]
[EventDate "2003.??.??"]

1. e4 e6 2. d3 d5 3. Nd2 c5 4. Ngf3 Nc6 5. g3 g6 6. Bg2 Bg7 7. O-O Nge7 8. Nh4
O-O 9. f4 b5 10. c3 b4 11. e5 Ba6 12. Ndf3 Qa5 13. Qc2 Rab8 14. Bd2 Qb5 15. c4
dxc4 16. dxc4 Qxc4 17. Qxc4 Bxc4 18. Rfc1 Bd5 19. Rxc5 Rfc8 20. b3 Bf8 21. Rcc1
a5 22. Be3 a4 23. Nd2 g5 24. fxg5 axb3 25. axb3 Nxe5 26. Bf4 Nd3 27. Rxc8 Rxc8
28. Bf1 Bg7 29. Bxd3 Bxa1 30. Bd6 Rc1+ 31. Kf2 Nc6 32. Nhf3 Bc3 33. Ne4 Bxe4
34. Bxe4 Na5 0-1

[Event "SR 2. liga A 2003/2004"]
[Site "?"]
[Date "2003.10.19"]
[Round "2.6"]
[White "Hanzluvka, Peter"]
[Black "Syrovy, Ivan"]
[Result "1-0"]
[WhiteElo "2071"]
[BlackElo "2067"]
[PlyCount "53"]
[EventDate "2003.??.??"]

1. e4 c6 2. d4 d5 3. exd5 cxd5 4. Bd3 Nc6 5. c3 g6 6. Bf4 Bg7 7. Nf3 Bg4 8.
Nbd2 e6 9. Qb3 Qc8 10. O-O Bxf3 11. Nxf3 Nge7 12. Rfe1 O-O 13. Ne5 a6 14. Qc2
Qd8 15. Qd2 Nxe5 16. Bxe5 Bxe5 17. Rxe5 Nc6 18. Re3 Qg5 19. Qe2 Rfe8 20. g3
Rac8 21. f4 Qf6 22. Rf1 Na5 23. f5 Qe7 24. fxg6 hxg6 25. Ref3 Rf8 26. Rf6 Kg7
27. Qe5 1-0

[Event "SR 2. liga A 2003/2004"]
[Site "?"]
[Date "2003.10.19"]
[Round "2.6"]
[White "Machalova, Erika"]
[Black "Cseto, Jan"]
[Result "1/2-1/2"]
[WhiteElo "1988"]
[BlackElo "2014"]
[PlyCount "37"]
[EventDate "2003.??.??"]

1. d4 d5 2. c4 e6 3. Nc3 c5 4. cxd5 exd5 5. Nf3 Nc6 6. Bf4 Nf6 7. e3 a6 8. dxc5
Bxc5 9. Rc1 O-O 10. Be2 d4 11. exd4 Bxd4 12. Nxd4 Nxd4 13. O-O Nxe2+ 14. Qxe2
Bg4 15. f3 Be6 16. Rfd1 Qa5 17. b3 Rfe8 18. Qb2 Rac8 19. Bg3 1/2-1/2

[Event "SR 2. liga A 2003/2004"]
[Site "?"]
[Date "2003.10.19"]
[Round "2.6"]
[White "Mandak, Miroslav"]
[Black "Mikulas, Dusan"]
[Result "1/2-1/2"]
[WhiteElo "2084"]
[BlackElo "2123"]
[PlyCount "68"]
[EventDate "2003.??.??"]

1. d4 d5 2. Nf3 e6 3. Bf4 Bd6 4. Bxd6 Qxd6 5. c3 Nf6 6. Nbd2 Nbd7 7. e3 e5 8.
dxe5 Nxe5 9. Be2 O-O 10. Qc2 Bg4 11. Nd4 Bxe2 12. Nxe2 Rfe8 13. h3 Ng6 14. a3
c5 15. Nf3 Ne4 16. O-O c4 17. Rad1 Rad8 18. Rd4 Qe7 19. Qd1 Qe6 20. Nf4 Nxf4
21. exf4 Qf5 22. Ne5 Qxf4 23. Nxc4 Qg5 24. Nd2 Nxd2 25. Qxd2 Qxd2 26. Rxd2 Re6
27. Rfd1 Red6 28. Rd4 b5 29. a4 bxa4 30. Rxa4 a6 31. Rad4 Kf8 32. c4 Rb6 33.
R1d2 Rdb8 34. Rxd5 Rxb2 1/2-1/2

[Event "SR 2. liga A 2003/2004"]
[Site "?"]
[Date "2003.10.19"]
[Round "2.6"]
[White "Samko, Karol"]
[Black "Slamena, Michal"]
[Result "1/2-1/2"]
[WhiteElo "1998"]
[BlackElo "1872"]
[PlyCount "70"]
[EventDate "2003.??.??"]

1. e4 e5 2. Nf3 Nc6 3. Nc3 Bb4 4. Bb5 Nf6 5. O-O O-O 6. d3 d6 7. Bg5 Bxc3 8.
bxc3 h6 9. Bh4 Bd7 10. Bxc6 Bxc6 11. Nd2 Re8 12. f3 g5 13. Bf2 Nh5 14. Nc4 d5
15. Ne3 Nf4 16. g3 Ng6 17. Nf5 Kh7 18. f4 gxf4 19. h4 Qf6 20. Qh5 Nh8 21. exd5
Bxd5 22. gxf4 Rg8+ 23. Kh2 Rg2+ 24. Kh3 exf4 25. Bd4 Qg6 26. Qxg6+ fxg6 27. Ne7
Rg3+ 28. Kh2 Bf3 29. Rg1 Rxg1 30. Rxg1 Re8 31. Bf6 Bh5 32. Rg2 Nf7 33. Nxg6 f3
34. Nf8+ Rxf8 35. Rg7+ Kh8 1/2-1/2

[Event "SR 2. liga A 2003/2004"]
[Site "?"]
[Date "2003.10.19"]
[Round "2.6"]
[White "Sarmir, Milos"]
[Black "Doucha, Ludvik"]
[Result "1/2-1/2"]
[WhiteElo "2142"]
[BlackElo "2122"]
[PlyCount "85"]
[EventDate "2003.??.??"]

1. e4 e5 2. Nf3 d6 3. d4 exd4 4. Nxd4 g6 5. Bd3 Bg7 6. c3 Nc6 7. Nxc6 bxc6 8.
O-O Ne7 9. Be3 O-O 10. Nd2 f5 11. Qa4 c5 12. f4 fxe4 13. Bxe4 Rb8 14. Rab1 a6
15. Nf3 Qe8 16. Qc4+ Qf7 17. Qxf7+ Rxf7 18. b4 cxb4 19. Ba7 Rb5 20. c4 Ra5 21.
Rxb4 Rxf4 22. Ba8 c5 23. Rb8 Rf8 24. Re1 Bf6 25. Rd1 Nf5 26. g4 Nd4 27. Bd5+
Kg7 28. Nxd4 cxd4 29. Rf1 Re8 30. h4 Bxh4 31. Bxd4+ Kh6 32. Bc6 Rg8 33. Bd7
Bxd7 34. Rxg8 Rxa2 35. Rf7 Be6 36. Rxh7+ Kg5 37. Be3+ Kxg4 38. Rxg6+ Kf5 39.
Rxe6 Bg5 40. Bxg5 Kxe6 41. Bf4 Ra4 42. Rc7 d5 43. cxd5+ 1/2-1/2

[Event "SR 2. liga A 2003/2004"]
[Site "?"]
[Date "2003.10.19"]
[Round "2.7"]
[White "Bednar, Milan"]
[Black "Karlik, Lubomir"]
[Result "0-1"]
[WhiteElo "2063"]
[BlackElo "1903"]
[PlyCount "80"]
[EventDate "2003.??.??"]

1. e4 c5 2. Nc3 Nc6 3. g3 g6 4. Bg2 Bg7 5. d3 e6 6. f4 Nge7 7. Nf3 d5 8. O-O
O-O 9. Qe1 Bd7 10. f5 dxe4 11. Nxe4 Nxf5 12. Nxc5 Qb6 13. Qf2 Rad8 14. c3 e5
15. g4 Nd6 16. Be3 Qc7 17. h3 b6 18. Nxd7 Rxd7 19. Ng5 h6 20. Ne4 f5 21. gxf5
Nxf5 22. Rad1 Nce7 23. Bc1 Nd5 24. Qe2 Nf6 25. Kh2 Nd5 26. Rf2 Nf4 27. Qg4 Nxd3
28. Rfd2 Ne3 29. Qe6+ Rff7 30. Rxd3 Nxd1 31. Nd6 Rxd6 32. Rxd6 e4 33. Bf4 Kh7
34. Kg3 Nxb2 35. Qxg6+ Kh8 36. Bxe4 Qxc3+ 37. Bf3 Rf6 38. Qe8+ Rf8 39. Qg6 Rg8
40. Rd3 Nxd3 0-1

[Event "SR 2. liga A 2003/2004"]
[Site "?"]
[Date "2003.10.19"]
[Round "2.7"]
[White "Hertel, Ondrej"]
[Black "Kasanicky, Robert"]
[Result "1/2-1/2"]
[WhiteElo "1853"]
[BlackElo "1982"]
[PlyCount "81"]
[EventDate "2003.??.??"]

1. d4 d5 2. c4 e6 3. Nc3 Nf6 4. Bg5 Nbd7 5. e3 c6 6. Nf3 Qa5 7. Nd2 dxc4 8.
Bxf6 Nxf6 9. Nxc4 Qc7 10. Bd3 Bd7 11. Rc1 Bd6 12. Nxd6+ Qxd6 13. Ne4 Nxe4 14.
Bxe4 e5 15. O-O exd4 16. Qxd4 Qxd4 17. exd4 Be6 18. a3 O-O 19. Rfd1 Rad8 20. f4
Rfe8 21. Bf3 Bd5 22. Kf2 Kf8 23. Rc5 Bxf3 24. Kxf3 Rd6 25. b4 Red8 26. Ke4 Rd5
27. Rd3 f5+ 28. Ke3 Re8+ 29. Kf3 Re4 30. Rxd5 cxd5 31. Rc3 Rxd4 32. Rc8+ Kf7
33. Rc7+ Kf6 34. Rxb7 Rd3+ 35. Ke2 Rxa3 36. Rd7 Rb3 37. Rd6+ Ke7 38. Rxd5 Rxb4
39. Rxf5 Rb6 40. Ra5 a6 41. g3 1/2-1/2

[Event "SR 2. liga A 2003/2004"]
[Site "?"]
[Date "2003.10.19"]
[Round "2.7"]
[White "Isa, Vlastimil"]
[Black "Gono, Pavol"]
[Result "1-0"]
[WhiteElo "2007"]
[BlackElo "1910"]
[PlyCount "55"]
[EventDate "2003.??.??"]

1. e4 c6 2. d4 d5 3. Nc3 dxe4 4. Nxe4 Nd7 5. Nf3 Ngf6 6. Nxf6+ Nxf6 7. Ne5 e6
8. c3 Be7 9. Bd3 Qb6 10. Qe2 a6 11. O-O c5 12. Be3 O-O 13. Rfd1 cxd4 14. Bxd4
Bc5 15. Nc4 Qc7 16. Bxf6 gxf6 17. Bxh7+ Kh8 18. Qh5 Re8 19. Bg6+ Kg7 20. Qh7+
Kf8 21. Bh5 e5 22. Nd6 Bxd6 23. Rxd6 Bf5 24. Qh8+ Ke7 25. Qxf6+ Kf8 26. Qxf5
Re7 27. Rad1 e4 28. Qf6 1-0

[Event "SR 2. liga A 2003/2004"]
[Site "?"]
[Date "2003.10.19"]
[Round "2.7"]
[White "Janecek, Jan"]
[Black "Raczko, Peter"]
[Result "1-0"]
[WhiteElo "1977"]
[BlackElo "2090"]
[PlyCount "75"]
[EventDate "2003.??.??"]

1. d4 d5 2. Nf3 Nf6 3. e3 e6 4. c4 Be7 5. Nc3 O-O 6. b3 Nbd7 7. Bd3 c6 8. Qc2
Qc7 9. Bb2 Re8 10. O-O Nf8 11. e4 dxe4 12. Nxe4 Nxe4 13. Bxe4 Bf6 14. Ne5 c5
15. Nf3 cxd4 16. Bxd4 e5 17. Bc3 Bg4 18. h3 Bh5 19. Rfe1 Bg6 20. Bb2 Nd7 21.
Bxg6 hxg6 22. Re2 e4 23. Nd4 Nc5 24. Nb5 Qc6 25. Bxf6 gxf6 26. Nc3 Re6 27. Nd5
Rae8 28. b4 Nd7 29. Qb3 Re5 30. Rd1 Nb6 31. b5 Qd6 32. c5 Qxd5 33. Rxd5 Nxd5
34. c6 bxc6 35. bxc6 f5 36. Rd2 e3 37. fxe3 Nf6 38. c7 1-0

[Event "SR 2. liga A 2003/2004"]
[Site "?"]
[Date "2003.10.19"]
[Round "2.7"]
[White "Puchart, Vladimir"]
[Black "Sekera, Branislav"]
[Result "0-1"]
[WhiteElo "2145"]
[BlackElo "2122"]
[PlyCount "69"]
[EventDate "2003.??.??"]

1. d4 d5 2. c4 e6 3. Nf3 Be7 4. Nc3 c6 5. g3 Nd7 6. cxd5 exd5 7. Bg2 Ngf6 8.
O-O O-O 9. Bf4 Nh5 10. Ne5 f6 11. Nd3 g5 12. e4 Ng7 13. Be3 dxe4 14. Nxe4 Nb6
15. Nc3 Kh8 16. Nc5 Nf5 17. Be4 Bxc5 18. dxc5 Qxd1 19. Nxd1 Nc4 20. Re1 Re8 21.
Bc2 Ne5 22. Kg2 Be6 23. Nc3 Rad8 24. Rad1 Rxd1 25. Bxd1 Nxe3+ 26. Rxe3 Nc4 27.
Re2 Kg7 28. b3 Ne5 29. Rd2 Re7 30. Bc2 Bg4 31. Bd1 Bf5 32. f4 gxf4 33. gxf4 Ng6
34. Bf3 Nxf4+ 35. Kg3 {time} 0-1

[Event "SR 2. liga A 2003/2004"]
[Site "?"]
[Date "2003.10.19"]
[Round "2.7"]
[White "Vrba, Michal"]
[Black "Diviak, Rastislav"]
[Result "1/2-1/2"]
[WhiteElo "1863"]
[BlackElo "1954"]
[PlyCount "37"]
[EventDate "2003.??.??"]

1. e4 d6 2. d4 Nf6 3. Nc3 g6 4. Nf3 Bg7 5. Be2 O-O 6. O-O c6 7. h3 b5 8. a3 a6
9. Be3 Nbd7 10. e5 Ne8 11. Ne4 Nb6 12. exd6 Nxd6 13. Nxd6 Qxd6 14. Qd2 Bb7 15.
Bh6 c5 16. Bxg7 Kxg7 17. dxc5 Qxc5 18. Qd4+ Qxd4 19. Nxd4 1/2-1/2

[Event "SR 2. liga A 2003/2004"]
[Site "?"]
[Date "2003.10.19"]
[Round "2.8"]
[White "Diviak, Rudolf"]
[Black "Ac, Alexander"]
[Result "0-1"]
[WhiteElo "1983"]
[BlackElo "2085"]
[PlyCount "44"]
[EventDate "2003.??.??"]

1. b4 e5 2. Bb2 Bxb4 3. Bxe5 Nf6 4. e3 Nc6 5. Bc3 Be7 6. Nf3 d5 7. Be2 O-O 8.
O-O Ne4 9. Bb2 Re8 10. d3 Bf6 11. Qc1 Ng5 12. Nbd2 d4 13. e4 Ne6 14. g3 h5 15.
h4 a5 16. Nh2 Bxh4 17. gxh4 Nf4 18. Qe1 Qxh4 19. Ndf3 Qh3 20. Nh4 Qxh4 21. f3
Qg5+ 22. Kh1 Qg2# 0-1

[Event "SR 2. liga A 2003/2004"]
[Site "?"]
[Date "2003.10.19"]
[Round "2.8"]
[White "Dzavik, Jozef"]
[Black "Milanov, Jasen"]
[Result "0-1"]
[WhiteElo "1967"]
[BlackElo "2046"]
[PlyCount "96"]
[EventDate "2003.??.??"]

1. d4 e6 2. c4 d5 3. Nf3 Nf6 4. Bg5 Be7 5. e3 O-O 6. Bd3 dxc4 7. Bxc4 b6 8. O-O
Bb7 9. Qe2 Nbd7 10. Rd1 h6 11. Bh4 a6 12. a4 c6 13. Nbd2 b5 14. Bd3 Nd5 15. Bg3
Nb4 16. Bb1 Qe8 17. Nb3 bxa4 18. Na5 Ra7 19. Nc4 c5 20. Nd6 Qa8 21. Nxb7 Qxb7
22. Rxa4 Nb6 23. Ra5 c4 24. Ne5 Rc8 25. Rc1 Bd8 26. Rc5 Raa8 27. Nxc4 Rxc5 28.
dxc5 Nxc4 29. Qxc4 Rc8 30. h3 Be7 31. Be4 Nd5 32. Qd4 Qb5 33. Bd3 Qb7 34. Rc4
Qb3 35. e4 Bf6 36. e5 Be7 37. Bc2 Qb5 38. Ba4 Qa5 39. f4 Bxc5 40. Bf2 Bxd4 41.
Rxc8+ Kh7 42. Bc2+ g6 43. Bxd4 Qe1+ 44. Kh2 Qd2 45. Rc4 Qxf4+ 46. g3 Qd2+ 47.
Kh1 Qe1+ 48. Kg2 Qe2+ 0-1

[Event "SR 2. liga A 2003/2004"]
[Site "?"]
[Date "2003.10.19"]
[Round "2.8"]
[White "Jozefovic, Milan"]
[Black "Slamka, Michal"]
[Result "1-0"]
[WhiteElo "1744"]
[BlackElo "1597"]
[PlyCount "85"]
[EventDate "2003.??.??"]

1. e4 e5 2. Nf3 Nc6 3. Bc4 Bc5 4. c3 Nf6 5. b4 Bb6 6. d3 d6 7. Bg5 Be6 8. Nbd2
Qd7 9. a4 Bxc4 10. Nxc4 a6 11. Nxb6 cxb6 12. O-O Ne7 13. c4 Qe6 14. Be3 Nd7 15.
Ng5 Qg6 16. f4 f6 17. Ne6 Rc8 18. f5 Qf7 19. Rc1 g6 20. d4 gxf5 21. exf5 Nxf5
22. Rxf5 Qxe6 23. Qh5+ Qf7 24. Qf3 Rc7 25. c5 bxc5 26. dxc5 dxc5 27. Bxc5 Nxc5
28. Rxf6 Qe7 29. bxc5 Rf8 30. Qh5+ Kd8 31. Rd1+ Rd7 32. Rxd7+ Kxd7 33. Qf5+ Kc7
34. Rxf8 Qxc5+ 35. Qf2 Qc1+ 36. Qf1 Qe3+ 37. Kh1 Qd4 38. h3 Qxa4 39. Qc1+ Kb6
40. Rf6+ Kb5 41. Qb2+ Kc4 42. Qxe5 Qd1+ 43. Kh2 1-0

[Event "SR 2. liga A 2003/2004"]
[Site "?"]
[Date "2003.10.19"]
[Round "2.8"]
[White "Krchnak, Rudolf"]
[Black "Cambel, Vladimir"]
[Result "1-0"]
[WhiteElo "1809"]
[BlackElo "1800"]
[PlyCount "104"]
[EventDate "2003.??.??"]

1. d4 Nf6 2. Nc3 d5 3. Bg5 Bf5 4. Bxf6 exf6 5. e3 c6 6. Bd3 Qd7 7. Nge2 Bd6 8.
Ng3 Bg4 9. f3 Be6 10. Qd2 O-O 11. Qf2 c5 12. dxc5 Bxc5 13. Nce2 Re8 14. O-O f5
15. Nd4 g6 16. c3 Nc6 17. Nxc6 bxc6 18. Ne2 a5 19. Nd4 Rab8 20. b3 Bf8 21. Qc2
c5 22. Nxe6 Qxe6 23. Rfe1 c4 24. bxc4 dxc4 25. Bf1 Bc5 26. Qa4 Bxe3+ 27. Kh1
Qf6 28. Qxa5 f4 29. Bxc4 Re5 30. Qc7 Rb2 31. Bxf7+ Kg7 32. Bb3+ Kh6 33. Qc4 Rh5
34. Rxe3 fxe3 35. Qd4 Qg5 36. Rg1 Rd2 37. Qc4 Rh4 38. Qc8 e2 39. Qf8+ Kh5 40.
g4+ Rxg4 41. fxg4+ Qxg4 42. Qc5+ Qf5 43. Qxf5+ gxf5 44. Re1 Kg4 45. Kg2 f4 46.
Be6+ Kg5 47. Kf2 Rd3 48. Rxe2 Rxc3 49. a4 Ra3 50. Ra2 Re3 51. Bd5 Re5 52. Rd2
Re7 1-0

[Event "SR 2. liga A 2003/2004"]
[Site "?"]
[Date "2003.10.19"]
[Round "2.8"]
[White "Kundrak, Vladimir"]
[Black "Priam, Stefan"]
[Result "1-0"]
[WhiteElo "1982"]
[BlackElo "1953"]
[PlyCount "197"]
[EventDate "2003.??.??"]

1. e4 e6 2. d4 d5 3. e5 c5 4. c3 Nc6 5. Nf3 Qb6 6. a3 cxd4 7. cxd4 Nge7 8. b4
Nf5 9. Bb2 a5 10. b5 Na7 11. a4 Bb4+ 12. Nbd2 Bd7 13. Rc1 O-O 14. Bd3 Nc8 15.
O-O Qd8 16. Nb3 b6 17. Ne1 Nce7 18. Nc2 Ng6 19. Nxb4 axb4 20. Nd2 Nf4 21. Bxf5
exf5 22. Nf3 Qe7 23. g3 Ng6 24. Qb3 Be6 25. Rc6 Rab8 26. Rfc1 Rb7 27. Ne1 f4
28. Nd3 fxg3 29. fxg3 Qg5 30. Nxb4 Nf4 31. Rf1 Nh3+ 32. Kh1 Qg4 33. Qf3 Qxf3+
34. Rxf3 g6 35. Kg2 Ng5 36. Rfc3 Bf5 37. Rc7 Rbb8 38. Nc6 Be4+ 39. Kf2 Ra8 40.
Ra7 Kg7 41. a5 bxa5 42. Rxa5 Rxa5 43. Nxa5 Rb8 44. Rb3 Bc2 45. Rb4 Bd3 46. b6
Ne6 47. Nb3 Nd8 48. Nc5 Bc4 49. b7 Nc6 50. Rb6 Nd8 51. Bc1 h6 52. h4 Kh7 53.
Bf4 g5 54. hxg5 hxg5 55. Bxg5 Ne6 56. Be7 Nxd4 57. Bd6 Rxb7 58. Rxb7 Kg6 59.
Rb1 Kf5 60. Rd1 Nc6 61. Nd3 Bb3 62. Rd2 Bc4 63. Nb4 Nxb4 64. Bxb4 Kxe5 65. Ke3
f5 66. Bc3+ Ke6 67. Kf4 Bb5 68. Rd1 Bd7 69. Re1+ Kd6 70. Bb4+ Kc6 71. Ke5 Kb5
72. Be7 Kc4 73. Rc1+ Kd3 74. Kxd5 Be8 75. Rf1 Bg6 76. Ke5 Ke3 77. Rxf5 Bh7 78.
Bh4 Bg8 79. g4 Bh7 80. g5 Bg6 81. Kf6 Bh5 82. g6 Bxg6 83. Kxg6 Ke4 84. Kf6 Kd4
85. Re5 Kd3 86. Kf5 Kd4 87. Kf4 Kd3 88. Re4 Kc3 89. Ke5 Kd3 90. Rd4+ Kc3 91.
Kd5 Kc2 92. Kc4 Kb2 93. Rd3 Kc2 94. Bf6 Kc1 95. Kc3 Kb1 96. Rd2 Kc1 97. Bg5 Kb1
98. Kb3 Kc1 99. Bf4 1-0

[Event "SR 2. liga A 2003/2004"]
[Site "?"]
[Date "2003.10.19"]
[Round "2.8"]
[White "Palka, Miroslav"]
[Black "Mosny, Jaroslav"]
[Result "0-1"]
[WhiteElo "2030"]
[BlackElo "2051"]
[PlyCount "82"]
[EventDate "2003.??.??"]

1. c4 Nf6 2. Nc3 g6 3. e4 d6 4. d4 Bg7 5. f3 Nbd7 6. Be3 e5 7. d5 O-O 8. Qd2 a5
9. g4 Ne8 10. h4 Nc5 11. h5 Qe7 12. Bh6 Bxh6 13. Qxh6 g5 14. Nh3 f6 15. O-O-O
b6 16. Ne2 Nb7 17. f4 exf4 18. Nexf4 gxf4 19. g5 Qg7 20. Rg1 Qxh6 21. gxh6+ Kf7
22. Nxf4 Nc5 23. Bd3 Nxd3+ 24. Rxd3 Rg8 25. Rdg3 Rxg3 26. Rxg3 Bd7 27. b3 c6
28. a4 cxd5 29. exd5 Ra7 30. Re3 Bf5 31. Kd2 Re7 32. Rxe7+ Kxe7 33. Kc3 Nc7 34.
Ng6+ Kf7 35. Nf4 Na6 36. Ne2 Ke7 37. Nf4 Nc5 38. b4 Na6 39. bxa5 bxa5 40. Ne2
Nc5 41. Nd4 Bd7 0-1

[Event "SR 2. liga A 2003/2004"]
[Site "?"]
[Date "2003.12.06"]
[Round "3.1"]
[White "Kleman, Miroslav"]
[Black "Jablonicky, Frantisek"]
[Result "1-0"]
[WhiteElo "2156"]
[BlackElo "2215"]
[PlyCount "107"]
[EventDate "2003.??.??"]

1. e4 c6 2. d4 d5 3. exd5 cxd5 4. Bd3 Nc6 5. c3 g6 6. Nf3 Bg7 7. O-O Nf6 8. Re1
O-O 9. h3 a5 10. a4 e6 11. Na3 b6 12. Bf4 Ba6 13. Nb5 Ne8 14. Qe2 Na7 15. Ne5
Nxb5 16. axb5 Bb7 17. b3 Rc8 18. Rac1 Nf6 19. Qe3 Nd7 20. c4 Nxe5 21. Bxe5 dxc4
22. bxc4 Bxe5 23. Qxe5 Qd7 24. Red1 Rfd8 25. c5 Bd5 26. Rc3 Qb7 27. Rdc1 Qb8
28. Qf6 Re8 29. f4 Qb7 30. g3 Qe7 31. Qe5 f6 32. Qe3 Qd7 33. g4 Red8 34. Be2 a4
35. Rd1 Bb3 36. Rd2 bxc5 37. Rxb3 axb3 38. Qxb3 Kg7 39. Bc4 Re8 40. b6 Qd6 41.
g5 cxd4 42. gxf6+ Kxf6 43. Qb5 Qc5 44. b7 d3+ 45. Kh2 Qxc4 46. b8=Q Rxb8 47.
Qxc4 Rbd8 48. Rxd3 Rxd3 49. Qxd3 Kf7 50. Kg3 Re7 51. Kg4 h6 52. h4 e5 53. Qd5+
Kf6 54. Qd6+ 1-0

[Event "SR 2. liga A 2003/2004"]
[Site "?"]
[Date "2003.12.06"]
[Round "3.1"]
[White "Kundrik, Peter"]
[Black "Duriga, Stefan"]
[Result "1/2-1/2"]
[WhiteElo "2163"]
[BlackElo "2246"]
[PlyCount "94"]
[EventDate "2003.??.??"]

1. e4 g6 2. d4 Bg7 3. Nf3 d6 4. h3 Nf6 5. Nc3 O-O 6. Be2 c6 7. a4 a5 8. O-O Na6
9. Re1 Nb4 10. Bf1 e5 11. g3 Qc7 12. Bg2 Re8 13. Be3 Be6 14. Qd2 Rad8 15. Bg5
Rd7 16. Rad1 Bc4 17. Qc1 Ba6 18. h4 Ng4 19. Bh3 h5 20. dxe5 dxe5 21. Rxd7 Qxd7
22. Nh2 f5 23. exf5 gxf5 24. Rd1 Qe6 25. f3 Nh6 26. Ne4 Nf7 27. Nc5 Qg6 28. c3
Nd5 29. Nxa6 bxa6 30. Bf1 f4 31. Bd3 Qd6 32. gxf4 exf4 33. Kh1 Nxg5 34. hxg5
Qe5 35. Be4 Ne3 36. Rg1 Rd8 37. Bg6 Rd5 38. Qe1 Rd1 39. Qf2 Qxg5 40. Rxd1 Nxd1
41. Qc2 Ne3 42. Qb3+ Qd5 43. Qxd5+ cxd5 44. Bd3 Kf7 45. Be2 Ke6 46. Nf1 Nc4 47.
Bxc4 dxc4 1/2-1/2

[Event "SR 2. liga A 2003/2004"]
[Site "?"]
[Date "2003.12.06"]
[Round "3.1"]
[White "Meszaros, Michal"]
[Black "Rohacek, Miroslav"]
[Result "1-0"]
[WhiteElo "2306"]
[BlackElo "2130"]
[PlyCount "67"]
[EventDate "2003.??.??"]

1. e4 Nf6 2. e5 Nd5 3. d4 d6 4. Nf3 Bg4 5. Be2 c6 6. Ng5 Bf5 7. g4 Bg6 8. e6
fxe6 9. Bd3 Bxd3 10. Qxd3 Nf6 11. Nxe6 Qd7 12. Qe2 Na6 13. f3 Nc7 14. Nxc7+
Qxc7 15. c4 e5 16. Nc3 Be7 17. d5 cxd5 18. g5 Nh5 19. Nxd5 Qd7 20. f4 Nxf4 21.
Bxf4 exf4 22. O-O Kd8 23. Nxf4 h6 24. Ng6 Qe8 25. Nxh8 Qxh8 26. Rf7 Qe8 27. Qe6
d5 28. Qxd5+ Qd7 29. Qxd7+ Kxd7 30. Re1 Re8 31. g6 Kd8 32. Rxg7 Bc5+ 33. Kf1
Rf8+ 34. Rf7 1-0

[Event "SR 2. liga A 2003/2004"]
[Site "?"]
[Date "2003.12.06"]
[Round "3.1"]
[White "Oprea, Erik"]
[Black "Lanc, Alois"]
[Result "0-1"]
[WhiteElo "2083"]
[BlackElo "2380"]
[PlyCount "80"]
[EventDate "2003.??.??"]

1. e4 c5 2. Nf3 Nc6 3. d4 cxd4 4. Nxd4 Nf6 5. Nc3 d6 6. Be2 e6 7. Be3 Qc7 8.
Qd2 a6 9. f3 Be7 10. g4 b5 11. Nxc6 Qxc6 12. Bd3 O-O 13. Ne2 Bb7 14. Nd4 Qc7
15. O-O-O Nd7 16. h4 d5 17. g5 dxe4 18. Bxe4 Bxe4 19. fxe4 Rac8 20. h5 Ne5 21.
g6 Nc4 22. Bf4 Nxd2 23. Bxc7 Nxe4 24. Be5 Nf2 25. Rhg1 hxg6 26. Rd2 Nh3 27. Rh1
Rc5 28. b4 Rxe5 29. Nc6 Rxh5 30. Nxe7+ Kh7 31. Rd6 g5 32. Rxa6 g4 33. Ra3 f5
34. Re3 f4 35. Rxe6 Re8 36. Kd2 g3 37. Re2 f3 38. Ree1 g2 39. Rh2 Rxe7 40. Rxe7
g1=Q 0-1

[Event "SR 2. liga A 2003/2004"]
[Site "?"]
[Date "2003.12.06"]
[Round "3.1"]
[White "Smolen, Jan"]
[Black "Provaznik, Michal"]
[Result "1-0"]
[WhiteElo "2256"]
[BlackElo "2241"]
[PlyCount "49"]
[EventDate "2003.??.??"]

1. e4 c5 2. Nf3 Nc6 3. d4 cxd4 4. Nxd4 Nf6 5. Nc3 g6 6. Nxc6 bxc6 7. e5 Nd5 8.
Nxd5 cxd5 9. Qxd5 Rb8 10. e6 Bg7 11. exf7+ Kf8 12. Bh6 Bxh6 13. Qe5 Bg7 14.
Qxb8 Qa5+ 15. Kd1 Qc5 16. Bd3 Be5 17. Qb5 Qxb5 18. Bxb5 Bxb2 19. Rb1 Bd4 20.
Ke2 d6 21. Bc4 e6 22. Rhd1 Bc5 23. Bxe6 Ba6+ 24. c4 Ke7 25. Bd5 1-0

[Event "SR 2. liga A 2003/2004"]
[Site "?"]
[Date "2003.12.06"]
[Round "3.1"]
[White "Tepper, Frantisek"]
[Black "Bisco, Igor"]
[Result "1-0"]
[WhiteElo "2232"]
[BlackElo "2187"]
[PlyCount "49"]
[EventDate "2003.??.??"]

1. e4 e5 2. Nf3 Nc6 3. Nc3 Nf6 4. Bb5 Bb4 5. O-O O-O 6. d3 Nd4 7. Nxd4 exd4 8.
Ne2 d5 9. e5 Ng4 10. c3 Qh4 11. h3 Nxe5 12. cxb4 c6 13. f4 Ng6 14. Ba4 Re8 15.
Nxd4 Qf6 16. Ne2 Nh4 17. Ng3 Qg6 18. Kh2 Bf5 19. d4 Re6 20. Rf2 Rae8 21. Bd2
Be4 22. Qg4 Qf6 23. f5 Bxg2 24. Nh5 Bf3 25. Nxf6+ 1-0